00533nam a2200169Ia 4500003000900000008004100009040001600050080001500066100001700081245011900098250001100217260004800228300001500276500002600291650002700317650001900344IN-BaIIA211028s9999 xx 000 0 eng d cIIA Library a538.1bJEA aJeans, James 4aThe mathematical theory of electricity and magnetismcJames Jeans  a5th ed aCambridgebCambridge University Pressc1933 avii, 652p. aDonated by Mrs. Bappu aElectromagnetic Theory aNASA Thesaurus